00797nam a2200241Ia 450000500170000000800410001702000150005804000180007304100080009110000330009924501350013226000370026730000180030449000290032265000240035165000160037565000270039165000260041870000220044470000370046670000220050370000300052520211111075643.0130821s1976 sp gr spa  a8420621609 aCo-BoUCMbspa00aspa1 aRussell, Bertrandd1872-197013aLa justificación del razonamiento inductivocRussell, Bertrand, Salmon, Max Black ; versión española de Eulalia Perez Sedeno aMadrid (España)bAlianzac1976 a218 páginas 0aAlianza Universidadv16004aFilosofía moderna04aFilosofía04aInducción (Lógica)04aInferencia (Lógica)1 aBlack, Maxd1909-1 aPérez Sedeño, Eulaliaetrad.1 aSalmon, Wesley C.1 aSwinburne, Richardeprol.